| 000 | 00552nam a22001817a 4500 | ||
|---|---|---|---|
| 008 | 130821s1926 sp gr spa | ||
| 040 |
_aCo-BoUCM _bspa |
||
| 041 | 0 | 0 | _aspa |
| 100 |
_aWilhelm, Ricardo _9150247 |
||
| 245 | 0 | 0 |
_aLao tsé y el Taoísmo _cRicardo Wilhelm |
| 260 |
_aMadrid (España) _bRevista de Occidente _c1926 |
||
| 300 | _a136páginas | ||
| 500 | _aIncluye índice | ||
| 650 | 0 | 4 |
_aReligiones _923519 |
| 650 | 0 | 4 |
_aTaoísmo _925029 |
| 942 |
_cLIBRO _a4 _e1 _mW45 _n0 _2DEWEY _h299.51 |
||
| 999 |
_c86963 _d86963 |
||